La fotografía del siglo XX: Museum Ludwig Colonia

Guardado en:
Detalles Bibliográficos
Formato: Libro
Lenguaje:español
Publicado: Colonia Taschen 2007
Edición:1a. ed
Materias:
Etiquetas: Agregar Etiqueta
Sin Etiquetas, Sea el primero en etiquetar este registro!

MARC

LEADER 00000cam a2200000 a 4500
001 UCO8722
003 CL-VaPUC
008 001221e20070000GW |||||||||||||||||spa|d
020 |a 9783822840825 
082 0 4 |a 770  |b FOT  |2 21 
245 1 3 |a La fotografía del siglo XX: Museum Ludwig Colonia 
250 |a 1a. ed 
300 |a 760 p 
942 |c BK 
945 |d 20001221 00:00:00  |a vberengu 
260 |a Colonia  |b Taschen  |c 2007 
650 0 |a Arte   |x Reproducción   |9 335508 
650 0 |a Artes gráficas  |9 265865 
650 0 |a Artistas visuales   |9 338766 
650 0 |a Fotografías  |9 268494 
650 0 |a Fotógrafos  |9 327623 
650 7 |a FOTOGRAFIA HISTORIA  |2 CL-VaPUC  |9 265544 
650 7 |a HISTORIA DE LA FOTOGRAFIA SIGLO XX  |2 CL-VaPUC  |9 453563 
583 |a last modification  |c 20130426 02:27:12  |k Rodrigo Vera 
999 |c 293191  |d 293189 
952 |0 0  |1 0  |4 0  |6 770_000000000000000_FOT_2007  |7 0  |8 A  |9 344528  |a BIBING  |b BIBING  |d 2019-11-20  |i 4860349  |l 3  |o 770 FOT 2007  |p 4860349  |r 2025-01-20  |s 2024-12-04  |w 2019-11-20  |y BK  |k CUI